00757 a2200241 4500020001700000041000800017082001800025100003100043245004400074260005100118300002200169504002800191518001400219650003300233650002800266650002400294650001600318650003100334653001400365942001300379999001700392952010600409 a0-691-4198-9 aEng a338.01bSh47t aShephard, Ronald W.918901 aTheory of cost and production functions aPrinceton, N.J. bPrinceton Univ. Press c1970 axi, 308p. illus.  aBibliography: p.292-293 a2067-11-7 aMathmatical economics918902 aEconomics policy918734 aCost analysis91960 aCosts93306 aProduction economics94740 aEconomics 2ddccGEN c58743d58732 00102ddc4070aTUCLbTUCLd2011-02-19l0o338.01 Sh47tp51678r2011-02-19 00:00:00w2011-02-19yGEN